| 000 | 00785nam a2200229Ia 4500 | ||
|---|---|---|---|
| 003 | GCL | ||
| 005 | 20240530110856.0 | ||
| 008 | 140319s199؟ ua 000 0 ara d | ||
| 040 |
_aGCL / _cGCL |
||
| 082 | 0 | 4 |
_a398.245/ _bب ك |
| 100 | 1 | _aبيدبا | |
| 245 | 1 | 0 |
_aكتاب كليلة ودمنة / _cوضعها بيدبا ؛عربها عبدالله بن المقفع |
| 250 | _aط.1 | ||
| 260 |
_aالقاهرة : _bمكتبة المتنبى، _c[199-] |
||
| 300 |
_a382 ص.، _e24 سم. |
||
| 650 | 0 | 7 |
_aالادب العربى _2qrmak |
| 650 | 0 | 7 |
_aالبلاغة العربية _2qrmak |
| 650 | 0 | 7 |
_aالادب الشعبى _2qrmak |
| 650 | 0 | 7 |
_aكليلة ودمنة _2qrmak |
| 700 | 1 |
_4بن القفع، ابو محمد عبد الله _eمترجم |
|
| 942 |
_2ddc _cBK |
||
| 999 |
_c66043 _d66043 |
||